Álgebras de De Morgan modales 4-valuadas monádicas /

Guardado en:
Autor Principal: Ziliani, Alicia N.
Autor Corporativo: Universidad Nacional del Sur. Departamento de Matemática.
Otros Autores: Figallo, Aldo V.
Formato: Manuscrito
Idioma:Spanish
Publicado: 2001.
Materias:
Etiquetas: Agregar Etiqueta
Sin Etiquetas, Sea el primero en etiquetar este registro!
LEADER 00986ntm a22002415a 4500
001 MAT.inmabb007023
008 080610s2001####ag#######bm###000#0#spa#d
005 20150506082727.0
245 1 0 |a Álgebras de De Morgan modales 4-valuadas monádicas /  |c Alicia Nora Ziliani. 
260 |c 2001. 
300 |a viii, 148 h. ;  |c 30 cm. 
500 |a "Tesis de Doctora en Matemática". 
502 |a Tesis (doctoral)--Universidad Nacional del Sur. Departamento de Matemática, 2001. 
500 |a Director de tesis: Aldo V. Figallo. 
504 |a Incluye referencias bibliográficas (p. 143-148). 
100 1 |a Ziliani, Alicia N.  |q (Alicia Nora) 
700 1 |a Figallo, Aldo V.  |q (Aldo Victorio) 
710 2 |a Universidad Nacional del Sur.  |b Departamento de Matemática. 
082 0 4 |a 040  |2 15 
650 7 |a Matemáticas.  |2 unbist 
650 7 |a Álgebra.  |2 unbist 
859 |a Ar-BaUNS  |b BIB. MATEMATICA  |h 040  |i B148 2001-550zi  |k R  |p 119115/008 
859 |a Ar-BaUNS  |b BIB. MATEMATICA  |h 040  |i B148 2001-550zi  |p 119116/008